000 00570nam a2200193 i 4500
001 83560
003 ES-MaACL
005 20230906174843.0
007 t|
008 041117s1911 fr ||||1| fre d
100 1 _aJacob de Cordemoy, H.
_965834
245 1 4 _aLes plantes á gommes et á resines /
_cH. Jacob de Cordemoy.
260 _a[S.l. :
_bs.n.],
_c1911 (
_eChartres :
_fDurand)
300 _aXIV, 412 p. ;
_c18 cm.
490 1 _aEncyclopédie scientifique
830 0 _aEncyclopédie scientifique
_9180883
852 _aES-MaACL
_jD-4426
999 _c83560
_d83560